LEADER 01375nam a2200289 i 4500 001 000000107527 003 CaOOAMICUS 005 20040730000000.0 008 040730s1998 it u000 u ita u 013 $a79790 040 $aSeMil$bita 100 1 $aBandera, Sandrina.$0(OLS)http://semarc/name/19512 245 10$aPittura a Milano :$bRinascimento e Manierismo /$ca cura di Mina Gregori ; comitato scientifico, Sandrina Bandera ... [et al.] ; saggi di Giulio Bora ... [et al.]. 260 $aMilano :$bCARIPLO,$ccopyr. 1998. 300 $aXXX, 318 p. :$briccamente ill. ;$c30 cm. 490 0 $aI centri della pittura lombarda 500 $aContiene : Bibliografia. - In custodia. 650 4$aMilano - Pittura - Rinascimento.$0(OLS)http://semarc/subject/18890 650 4$aMilano - Pittura - Manierismo.$0(OLS)http://semarc/subject/18891 700 1 $aBora, Giulio.$0(OLS)http://semarc/name/18692 700 1 $aGregori, Mina,$d<1924- >.$0(OLS)http://semarc/name/5645 830 2$aI centri della pittura lombarda.$0(OLS)http://semarc/title/483 850 $aSeMil 852 $aSeMil$W1$xVenegono$y1$m5H IX 72$j63623$B63623$CSeMilBibl$Z2$F85251 $8I 961 $aOmaggio: Giudici Ecc. Giovanni 996 $6245$aPittura a Milano :$bRinascimento e Manierismo$9(OLS)http://semarc/title/156121 996 $6260$aMilano :$bCARIPLO$9(OLS)http://semarc/publisher/29807 LEADER 01319nam a2200289 i 4500 001 000000120506 003 CaOOAMICUS 005 20220622110524.0 008 031126s2003 it u000 u ita u 013 $a93200 020 $a88-15-09341-9 040 $aSeMil$bita 100 1 $aFlori, Jean,$d<1936-2018>.$0(OLS)http://semarc/name/37741 240 13$aLa guerre sainte : la formation de l'idée de croisade dans l'Occident chrétien.$0(OLS)http://semarc/title/177381 245 13$aLa guerra santa :$bla formazione dell'idea di crociata nell'Occidente cristiano /$cJean Flori. 264 1$aBologna :$bIl Mulino,$c2003. 300 $a441 p. ;$c22 cm. 490 1 $aCollezione di testi e di studi. Storiografia 650 4$aCrociate - Idea.$0(OLS)http://semarc/subject/48339 830 0$aCollezione di testi e di studi. Storiografia.$0(OLS)http://semarc/title/8520 850 $aSeMil 852 $aSeMil$W1$xVenegono$y1$m3B II 66$j75690$B75690$CSeMilBibl$Z2$F77586 $81 961 $aAcquisto: Mescat 996 $6020$a88-15-09341-9$9(OLS)http://semarc/number/105793 996 $6245$aLa guerra santa :$bla formazione dell'idea di crociata nell'Occidente cristiano$9(OLS)http://semarc/title/177380 996 $6264$aBologna :$bIl Mulino$9(OLS)http://semarc/publisher/29842